000
00312nam a2200121Ia 4500
008
220216s9999 xx 000 0 und d
245
0
_a
Sampling and analysis of rubber factory effluents
260
_b
Planters Bulletin
_c
1977
300
_a
37-53
650
_a
Rubber effluent
650
_a
Sampling
942
_c
JS
999
_c
68395
_d
68395